| 000 | 01260cam a22003371i 4500 | ||
|---|---|---|---|
| 003 | SA-RiAUC | ||
| 005 | 20250502144743.0 | ||
| 008 | 250502s1997 le g b 00100 ara c | ||
| 020 | _a2842890108 | ||
| 040 |
_aSA-RiAUC _bara _cSA-RiAUC _erda |
||
| 041 | 1 |
_aara _hund |
|
| 043 | _ama----- | ||
| 050 | 4 | _bK445 1997 | |
| 082 | 0 | 4 |
_a907.2089927 _qSA-RiAUC |
| 090 |
_a907.2089927 _b خ ا ل |
||
| 100 | 1 |
_aالخالدي، طريف، _d1938- _eمؤلف. |
|
| 245 | 1 | 0 |
_aفكرة التاريخ عند العرب من الكتاب إلى المقدمة / _cطريف الخالدي ؛ ترجمة حسني زينة. |
| 250 | _aالطبعة الأولى. | ||
| 264 | 1 |
_aبيروت : _bدار النهار، _c1997 |
|
| 300 |
_a316 صفحة ؛ _c24 سم |
||
| 336 |
_aنص _btxt _2rdacontent _3كتاب |
||
| 337 |
_aبدون وسيط _bn _2rdamedia |
||
| 338 |
_aمجلد _bnc _2rdacarrier |
||
| 500 | _aالغلاف مصور بالألوان. | ||
| 500 | _aيشتمل على كشاف. | ||
| 504 | _aببليوجرافية : صفحة 295-305. | ||
| 650 | 7 |
_aالتأريخ عند العرب _xفلسفة _2aucsh |
|
| 700 | 1 |
_aزينة، حسني، _d1945- _eمترجم. |
|
| 942 |
_2ddc _cBOOK _n0 |
||
| 949 |
_aSA-JeALM _d250502 _umohamedma123 _n1 |
||
| 999 |
_c7512 _d7512 |
||